000 00955nam a2200265 a 4500
001 33898
003 BD-RjUL
005 20211209052057.0
008 140512r19531946enk b 001 0 eng d
035 _a(BD-RjUL)33990
040 _aPLF
_cPLF
_beng
_dBD-RjUL
041 _aeng
082 0 4 _a302
_bYOH 1953
100 1 _aYoung, Kimball,
_d1893-1972.
_989927
245 1 0 _aHandbook of social psychology /
_cby Kimball Young.
260 _aLondon :
_bRoutledge & Kegan Paul,
_c1946 [Impression 1953].
300 _a578 p. :
_bill. ;
_c23 cm.
490 1 _aInternational library of sociology and social reconstruction (Routledge & Kegan Paul)
500 _aAmerican edition (New York, Crofts) has title: Social psychology
504 _aIncludes index.
650 0 _aSocial psychology.
_9102991
740 0 _aSocial psychology
830 1 0 _aInternational library of sociology and social reconstruction (Routledge & Kegan Paul)
_9102993
942 _2ddc
_cBK
999 _c33898
_d33898